Corporate value creation : An operations framework for nonfinancial managers

This invaluable resource is filled with detailed information on financial statements, valuation, modeling and forecasting, and other aspects of essential business activities. The author includes a discussion of the best practices management needs to adopt if they are to successfully improve bottom-l...

Cur síos iomlán

Đã lưu trong:
Sonraí Bibleagrafaíochta
Príomhúdar: Karlson, Lawrence C.
Formáid: Leabhar
Teanga:Undetermined
Foilsithe: Hoboken, New Jersey Wiley 2015
Ábhair:
Clibeanna: Cuir Clib Leis
Gan Chlibeanna, Bí ar an gcéad duine leis an taifead seo a chlibeáil!
Thư viện lưu trữ: Trung tâm Học liệu Trường Đại học Cần Thơ
LEADER 01387nam a2200217Ia 4500
001 CTU_226588
008 210402s9999 xx 000 0 und d
082 |a 658.155 
082 |b K18 
100 |a Karlson, Lawrence C. 
245 0 |a Corporate value creation : 
245 3 |b An operations framework for nonfinancial managers 
245 0 |c Lawrence C. Karlson 
260 |a Hoboken, New Jersey 
260 |b Wiley 
260 |c 2015 
520 |a This invaluable resource is filled with detailed information on financial statements, valuation, modeling and forecasting, and other aspects of essential business activities. The author includes a discussion of the best practices management needs to adopt if they are to successfully improve bottom-line productivity. Filled with illustrative examples, and comprehensive in scope, the book explores the basics of income statements, balance sheets, and cash flow statements. Then, using critical concepts like Weighted Average Cost of Capital, Karlson outlines the strategies and best practices for managing Return on Capital Employed. He also includes detailed discussions of pricing-driven models and defines the characteristics and attributes of several value-added models. 
650 |a Corporations,Tập đoàn 
650 |x Finance,Tài chính 
910 |b nthai 
980 |a Trung tâm Học liệu Trường Đại học Cần Thơ